| 000 | 00520nam a2200181Ia 4500 | ||
|---|---|---|---|
| 008 | 120925t1983 xxu||||| |||| 00| 0 sin d | ||
| 041 | _asin | ||
| 080 |
_a8 S (3 - 052. 3) (Youth) _bWIJ |
||
| 100 | _aWijebandara,Chandima | ||
| 245 | _aඊසොප් කියූ උපමා කතා | ||
| 246 | _aEeshop Kiyu Upama Katha | ||
| 260 |
_aPriyantha Pathirana _aDewalapola _c1983 |
||
| 300 | _b96p, 21 cm | ||
| 700 | _aMoratuwagama,H. M. | ||
| 942 | _cBK | ||
| 999 |
_c42821 _d42821 |
||
| 003 | LK-CoDNM | ||
| 040 |
_aLK-CoDNM _dLK-CoDNM _eLK-CoDNM |
||